Nghiên cứu thông số làm việc của máy cắt gạch block AAC để đạt nhấp nhô bề mặt thấp nhất. : Luận văn Thạc sĩ - Chuyên ngành: Kỹ thuật Cơ khí

Đã lưu trong:
Bibliografiske detaljer
Hovedforfatter: Trần, Minh Hoàng
Format: Luận văn
Sprog:Undetermined
Udgivet: Đại học Công nghiệp TP. Hồ Chí Minh 2022
Fag:
Online adgang:https://opac.iuh.edu.vn/TraCuuTaiLieuSo2XemChiTiet.aspx?Id=115139
Tags: Tilføj Tag
Ingen Tags, Vær først til at tagge denne postø!
Thư viện lưu trữ: Trung tâm Thư viện - Trường Đại học Công nghiệp TP. Hồ Chí Minh
LEADER 00798nam a2200169Ia 4500
001 UIH_02183
008 230809s9999 xx 000 0 und d
082 |a 621.93 
100 |a Trần, Minh Hoàng 
245 0 |a Nghiên cứu thông số làm việc của máy cắt gạch block AAC để đạt nhấp nhô bề mặt thấp nhất. : Luận văn Thạc sĩ - Chuyên ngành: Kỹ thuật Cơ khí 
245 0 |c Trần, Minh Hoàng 
260 |b Đại học Công nghiệp TP. Hồ Chí Minh 
260 |c 2022 
650 |a Kỹ thuật cơ khí; 
856 |u https://opac.iuh.edu.vn/TraCuuTaiLieuSo2XemChiTiet.aspx?Id=115139 
927 |a Luận văn 
980 |a Trung tâm Thư viện - Trường Đại học Công nghiệp TP. Hồ Chí Minh